Hellének és barbárok avagy az európai identitás problémáiról
Elmentve itt :
| Szerző: | |
|---|---|
| Testületi szerző: | |
| Dokumentumtípus: | Könyv része |
| Megjelent: |
2020
|
| Sorozat: | Lábjegyzetek Platónhoz
18 Az identitás 18 |
| Kulcsszavak: | Filozófia, Identitás |
| Tárgyszavak: | |
| Online Access: | http://acta.bibl.u-szeged.hu/74554 |
| LEADER | 00898naa a2200241 i 4500 | ||
|---|---|---|---|
| 001 | acta74554 | ||
| 005 | 20220225132340.0 | ||
| 008 | 220225s2020 hu o 0|| hun d | ||
| 020 | |a 978-615-5727-05-4 | ||
| 022 | |a 17 857 082 | ||
| 040 | |a SZTE Egyetemi Kiadványok Repozitórium |b hun | ||
| 041 | |a hun | ||
| 100 | 2 | |a Gelenczey-Miháltz Alirán | |
| 245 | 1 | 0 | |a Hellének és barbárok avagy az európai identitás problémáiról |h [elektronikus dokumentum] / |c Gelenczey-Miháltz Alirán |
| 260 | |c 2020 | ||
| 300 | |a 102-113 | ||
| 490 | 0 | |a Lábjegyzetek Platónhoz |v 18 | |
| 490 | 0 | |a Az identitás |v 18 | |
| 650 | 4 | |a Bölcsészettudományok | |
| 650 | 4 | |a Filozófia, etika és vallástudományok | |
| 695 | |a Filozófia, Identitás | ||
| 710 | |a Lábjegyzetek Platónhoz : Az identitás (18.) (2019) (Szeged) | ||
| 856 | 4 | 0 | |u http://acta.bibl.u-szeged.hu/74554/1/platonhoz_018_102-113.pdf |z Dokumentum-elérés |